000 00242 a2200097 4500
001 51104
100 _aArbenz K
245 _aMathematical Methods of information transmission
260 _aWashington
_bArtech House
_c
090 _c32364
_d32364
942 _aNUST-CAE
_cM
_c24852
999 _c286177
_d286177